| 000 | 00491nam a2200205Ia 4500 | ||
|---|---|---|---|
| 008 | 160319s9999 xx 000 0 und d | ||
| 020 | _a9789716100495 | ||
| 050 | _a398.2 | ||
| 050 | _bAl318 2003 | ||
| 245 | _aMga Alamat / | ||
| 245 | _ccompiled by Gwyngill. | ||
| 260 | _aQuezon City : | ||
| 260 | _bIsa-Jecho Publishing, | ||
| 260 | _c2003 | ||
| 300 | _a181 pages : | ||
| 300 | _c21 cm. | ||
| 650 | _aLegends -- Philippines. | ||
| 650 | _aLegends. | ||
| 650 | _aPhilippines. | ||
| 999 |
_c292136 _d292136 |
||